[Event "World Blitz Championship"]
[Site "Doha QAT"]
[Date "2016.12.29"]
[EventDate "2016.12.29"]
[Round "7.29"]
[Result "0-1"]
[White "Alireza Firouzja"]
[Black "Hristos Banikas"]
[WhiteElo "2456"]
[BlackElo "2568"]
[PlyCount "228"]

1. e4 c5 2. Nf3 e6 3. d4 cxd4 4. Nxd4 Nc6 5. Nc3 Qc7 6. Be3 a6
7. Qf3 Ne5 8. Qg3 h5 9. Nf5 Rh7 10. O-O-O Nf6 11. Bf4 d6
12. Nxd6+ Bxd6 13. Rxd6 h4 14. Qg5 Qxd6 15. Bxe5 Qe7 16. Be2
Nd7 17. Qxe7+ Kxe7 18. Bc7 b5 19. Rd1 Bb7 20. f3 Rc8 21. Bd6+
Ke8 22. a4 bxa4 23. Nxa4 e5 24. b3 Rh6 25. Kb2 Rg6 26. Bf1 Rc6
27. Bb4 Bc8 28. Nc3 Nb6 29. Nd5 Nxd5 30. exd5 Rb6 31. Bc5 Rb8
32. c4 Bd7 33. Be3 a5 34. Kc3 Ra6 35. Ra1 a4 36. b4 a3 37. b5
Ra4 38. Kb3 Rba8 39. c5 a2 40. Bc1 R4a5 41. c6 Bf5 42. b6 Rxd5
43. b7 Rb8 44. Rxa2 Be6 45. Kb2 Kd8 46. Ra7 Rc5 47. Ra8 Kc7
48. f4 Rxc6 49. Rxb8 Kxb8 50. Bd3 Bd5 51. fxe5 Bxg2 52. Bg5
Kxb7 53. Bxh4 Bd5 54. Bg3 g6 55. Bh4 Kc7 56. Bf6 Be6 57. h4
Bd5 58. Be2 Be4 59. Kb3 Bf5 60. Kb4 Rc2 61. Bb5 Be6 62. Bd3
Rh2 63. Kc5 Rh3 64. Be4 Rc3+ 65. Kd4 Rc4+ 66. Ke3 Kb6 67. Bd8+
Kc5 68. Be7+ Kb6 69. Bd8+ Ka7 70. Be7 Kb8 71. Bd3 Ra4 72. Bb5
Rg4 73. Bc6 Kc7 74. Bf3 Ra4 75. Be4 Kd7 76. Bf6 Ra3+ 77. Kd4
Ke8 78. Bc6+ Kf8 79. Kc5 Kg8 80. Be4 Ra4 81. Bd3 Ra3 82. Be4
Re3 83. Kd4 Re1 84. Bd3 Rh1 85. Be4 Rh2 86. Ke3 Kh7 87. Kf4
Kh6 88. Bg5+ Kg7 89. Bf6+ Kf8 90. Ke3 Ke8 91. Kd4 Kd7 92. Kc5
Re2 93. Bf3 Rc2+ 94. Kd4 Kc7 95. Be4 Rc4+ 96. Ke3 Ra4 97. Be7
Bb3 98. Bd6+ Kd7 99. Bd3 Rxh4 100. Bb5+ Ke6 101. Ba6 Ba4
102. Bf1 Bc6 103. Kf2 Rf4+ 104. Kg1 g5 105. Ba6 Re4 106. Bc8+
Kd5 107. Bh3 Rxe5 108. Bxe5 Kxe5 109. Kf2 Kf4 110. Bf1 f5
111. Bc4 g4 112. Bf1 g3+ 113. Kg1 Ke3 114. Bh3 f4 0-1

[Event "World Blitz Championship"]
[Site "Doha QAT"]
[Date "2016.12.29"]
[EventDate "2016.12.29"]
[Round "8.41"]
[Result "0-1"]
[White "David Anton Guijarro"]
[Black "Alireza Firouzja"]
[WhiteElo "2650"]
[BlackElo "2456"]
[PlyCount "168"]

1. d4 Nf6 2. c4 g6 3. Nc3 Bg7 4. e4 d6 5. h3 O-O 6. Be3 e5
7. d5 c6 8. Nf3 a5 9. g4 Na6 10. Nd2 Nc5 11. Be2 Qc7 12. h4
Nfd7 13. h5 a4 14. g5 Qa5 15. a3 Rb8 16. Qc2 cxd5 17. Nxd5 Re8
18. hxg6 fxg6 19. O-O-O Ne6 20. Rh4 Qd8 21. Nf3 Ra8 22. Rdh1
Nef8 23. Kb1 Nc5 24. Nf6+ Bxf6 25. gxf6 Qxf6 26. Ng5 Re7
27. Qd2 Nce6 28. Nxe6 Qxe6 29. f4 exf4 30. Bxf4 Qxe4+ 31. Bd3
Qxd3+ 32. Qxd3 Bf5 33. Qxf5 gxf5 34. Bxd6 Rf7 35. c5 Ng6
36. Rb4 f4 37. Kc2 f3 38. Kd2 Re8 39. Re1 Ra8 40. Rf1 Re8
41. Rf2 Ra8 42. Ke3 Re8+ 43. Kd3 Ra8 44. Re4 Rf6 45. Rd4 h5
46. Rd5 h4 47. Rh5 Re8 48. Rf1 f2 49. Kd2 Re4 50. Rg5 Kf7
51. Rg2 h3 52. Rgxf2 Rxf2+ 53. Rxf2+ Ke6 54. Kd3 Rh4 55. Re2+
Kd5 56. Rh2 Ne5+ 57. Kc3 Nd7 58. Bg3 Rh5 59. Rd2+ Ke6 60. Rd6+
Ke7 61. Rd2 Ke8 62. Kb4 Nxc5 63. Re2+ Kd7 64. Bh2 Kc6 65. Rc2
Rh4+ 66. Kc3 b6 67. Re2 Kb5 68. Kd2 Rg4 69. Ke3 Re4+ 70. Kf3
Rxe2 71. Kxe2 Kc4 72. Kf3 Kb3 73. Bc7 b5 74. Kg3 Kxb2 75. Kxh3
Kxa3 76. Kg2 Kb2 77. Kf2 a3 78. Ke3 a2 79. Be5+ Kb1 80. Kd2
a1=Q 81. Bxa1 Kxa1 82. Kc3 Na6 83. Kb3 b4 84. Ka4 Ka2 0-1

[Event "World Blitz Championship"]
[Site "Doha QAT"]
[Date "2016.12.29"]
[EventDate "2016.12.29"]
[Round "9.34"]
[Result "0-1"]
[White "Alireza Firouzja"]
[Black "Farrukh Amonatov"]
[WhiteElo "2456"]
[BlackElo "2620"]
[PlyCount "70"]

1. d4 Nf6 2. c4 g6 3. Nc3 Bg7 4. e4 d6 5. Be2 O-O 6. Be3 Nbd7
7. Nf3 e5 8. d5 Nc5 9. Nd2 a5 10. O-O Nfd7 11. b3 f5 12. f3
Nf6 13. a3 Nh5 14. b4 Nd7 15. c5 Nf4 16. Nc4 axb4 17. axb4
Rxa1 18. Qxa1 Qg5 19. g3 Nxe2+ 20. Nxe2 f4 21. Bf2 Nf6
22. cxd6 cxd6 23. Nxd6 Bh3 24. Rd1 fxg3 25. hxg3 Nh5 26. Qc1
Qe7 27. Bc5 Rxf3 28. Nf5 Qf7 29. Ne7+ Kh8 30. Qa1 Nxg3
31. Qa8+ Bf8 32. Nc3 Rxc3 33. Nxg6+ hxg6 34. Qxf8+ Qxf8
35. Bxf8 Rc2 0-1

[Event "World Blitz Championship"]
[Site "Doha QAT"]
[Date "2016.12.29"]
[EventDate "2016.12.29"]
[Round "10.37"]
[Result "1-0"]
[White "Nils Grandelius"]
[Black "Alireza Firouzja"]
[WhiteElo "2643"]
[BlackElo "2456"]
[PlyCount "87"]

1. d4 Nf6 2. Nc3 d5 3. Bf4 e6 4. Nb5 Na6 5. e3 Be7 6. Nf3 O-O
7. h3 c5 8. Be2 Bd7 9. O-O c4 10. Nc3 b5 11. a3 Rc8 12. Ne5
Nb8 13. Bf3 a6 14. Re1 Nc6 15. e4 dxe4 16. Nxe4 Nxe4 17. Bxe4
Nxe5 18. Bxe5 Bc6 19. Qg4 Bf6 20. Rad1 Bxe4 21. Rxe4 g6 22. c3
Bg7 23. Bxg7 Kxg7 24. Qg3 Qc7 25. Qe3 Rfd8 26. h4 Rd5 27. Re1
Rcd8 28. Qf3 Qd6 29. Re5 Rxe5 30. Rxe5 Qe7 31. h5 Qh4 32. g3
Qe7 33. Qe3 Qf6 34. h6+ Kg8 35. Qe4 Qe7 36. Rc5 Qf8 37. Qf4
Rc8 38. Rxc8 Qxc8 39. g4 Qd8 40. Qe5 Qf8 41. g5 f5 42. Qxe6+
Kh8 43. Qxa6 Qe7 44. Qc8+ 1-0

[Event "World Blitz Championship"]
[Site "Doha QAT"]
[Date "2016.12.29"]
[EventDate "2016.12.29"]
[Round "11.42"]
[Result "1/2-1/2"]
[White "Alireza Firouzja"]
[Black "Zdenko Kozul"]
[WhiteElo "2456"]
[BlackElo "2613"]
[PlyCount "232"]

1. e4 c5 2. Nf3 e6 3. d4 cxd4 4. Nxd4 a6 5. c4 Nf6 6. Nc3 Qc7
7. a3 b6 8. Be3 Bb7 9. f3 d6 10. Be2 Nbd7 11. O-O Be7 12. Rc1
O-O 13. Qd2 Rfe8 14. b4 Rac8 15. Nb3 Qb8 16. Kh1 Bd8 17. Rfd1
Bc7 18. Bf4 Ne5 19. Bxe5 dxe5 20. c5 b5 21. a4 Bc6 22. axb5
axb5 23. Qe1 Red8 24. Qf1 Rxd1 25. Rxd1 h5 26. Bxb5 Bb7
27. Bc4 h4 28. b5 Bd8 29. b6 Be7 30. Qf2 h3 31. g3 Qa8 32. Ra1
Bxc5 33. Rxa8 Bxf2 34. Rxc8+ Bxc8 35. Na4 Nd7 36. Bf1 Nxb6
37. Nac5 Nd7 38. Nxd7 Bxd7 39. Bxh3 Bb5 40. Nd2 Be1 41. Bf1
Ba4 42. Nc4 Bc3 43. Kg2 Kf8 44. Bd3 Ke7 45. Kf2 g6 46. g4 Bd4+
47. Kg3 Bc3 48. h4 Be1+ 49. Kh3 f6 50. h5 gxh5 51. gxh5 Kf7
52. Nd6+ Kg7 53. Bc4 Bb4 54. Nb7 Bd7 55. Nd8 Kh6 56. Bxe6 Bb5
57. Bg4 Bf1+ 58. Kh2 Bd2 59. Nf7+ Kg7 60. Nd6 Kh6 61. Nf5+ Kg5
62. h6 Kg6 63. Bh5+ Kh7 64. Kg1 Ba6 65. Kf2 Bxh6 66. Be8 Bf8
67. Bd7 Kg6 68. Kg3 Kg5 69. Be6 Bb4 70. Kg2 Kf4 71. Ng3 Be1
72. Nh5+ Kg5 73. Ng7 Be2 74. Bg4 Bd3 75. Ne6+ Kh4 76. Nc5 Bc2
77. Nd7 Kg5 78. Nc5 Bb4 79. Ne6+ Kh4 80. Bf5 Bd6 81. Nd8 Bc5
82. Nb7 Be7 83. Na5 Bd3 84. Nc6 Bc5 85. Nd8 Bb6 86. Ne6 Bc2
87. Ng7 Be3 88. Ne8 Kg5 89. Nd6 Bd1 90. Bg4 Bc2 91. Bf5 Bc5
92. Nf7+ Kf4 93. Nh8 Bd1 94. Bg4 Bb3 95. Ng6+ Kg5 96. Nh8 Kh6
97. Bf5 Kg7 98. Ng6 Kh6 99. Nh4 Kg5 100. Kh3 Bc4 101. Bg4 Bf2
102. Nf5 Kf4 103. Kg2 Bc5 104. Ng3 Bd3 105. Nh5+ Kg5 106. Ng7
Bxe4 107. Ne6+ Kh4 108. Nxc5 Bc6 109. Bf5 Kg5 110. Bc2 Kf4
111. Bd1 Ke3 112. Kg3 f5 113. Ne6 f4+ 114. Kg4 Bd7 115. Kf5
Bxe6+ 116. Kxe6 e4 1/2-1/2

[Event "World Blitz Championship"]
[Site "Doha QAT"]
[Date "2016.12.29"]
[EventDate "2016.12.29"]
[Round "12.39"]
[Result "0-1"]
[White "David Howell"]
[Black "Alireza Firouzja"]
[WhiteElo "2644"]
[BlackElo "2456"]
[PlyCount "138"]

1. e4 c5 2. c3 Nf6 3. e5 Nd5 4. Nf3 d6 5. Bc4 e6 6. O-O dxe5
7. Nxe5 Bd6 8. d4 cxd4 9. cxd4 O-O 10. Re1 Nd7 11. Bxd5 exd5
12. Nc3 Nb6 13. Bf4 Bf5 14. Bg3 Rc8 15. Qf3 Be6 16. Re2 Bb8
17. Rae1 a6 18. Nd3 Rc4 19. Bxb8 Qxb8 20. Qe3 Nd7 21. Nf4 Qd6
22. Qd2 Rc6 23. Qe3 Nf6 24. Qe5 Qd7 25. h3 h6 26. Nd3 b6
27. Qg3 Qb7 28. Nf4 Qd7 29. Nd3 Qb7 30. Re3 Bf5 31. Nf4 Qd7
32. Re5 Be6 33. Qf3 Rd6 34. R1e3 Rc8 35. Qe2 Rcc6 36. Qxa6 Qd8
37. Re1 Nd7 38. R5e3 Qf6 39. Nfe2 Nf8 40. Qd3 Ng6 41. Qd2 Qg5
42. Rd1 Nh4 43. Rg3 Qf6 44. Qf4 Nf5 45. Rgd3 Qg6 46. Ng3 Ne7
47. Re3 Rd8 48. Qf3 Nc8 49. Qh5 Qh7 50. Re2 Nd6 51. Qf3 Nc4
52. Qd3 g6 53. b3 Nd6 54. Nb5 Ne8 55. a4 Qg7 56. Qe3 Qf8
57. Rc1 Rdc8 58. Ree1 Qb4 59. Qxh6 Qxb3 60. Rxc6 Rxc6 61. Qe3
Qxa4 62. Nc3 Qb3 63. Nge2 Nd6 64. Rb1 Qc4 65. Qg5 b5 66. Qe3
b4 67. Na4 Qc2 68. Ra1 Ra6 69. Qf4 Qxe2 0-1

[Event "World Blitz Championship"]
[Site "Doha QAT"]
[Date "2016.12.30"]
[EventDate "2016.12.29"]
[Round "13.39"]
[Result "1/2-1/2"]
[White "Alireza Firouzja"]
[Black "Jure Borisek"]
[WhiteElo "2456"]
[BlackElo "2561"]
[PlyCount "89"]

1. d4 d5 2. c4 dxc4 3. Nf3 a6 4. e3 b5 5. a4 Bb7 6. axb5 axb5
7. Rxa8 Bxa8 8. b3 e6 9. bxc4 bxc4 10. Bxc4 Nf6 11. O-O Be7
12. Nbd2 O-O 13. Nb3 Nbd7 14. Qe2 c5 15. Rd1 cxd4 16. Nbxd4
Qb6 17. Bd2 Rc8 18. Be1 Bd5 19. Bd3 Nc5 20. Rb1 Qd8 21. Bb5
Nce4 22. h3 Nc3 23. Bxc3 Rxc3 24. Qe1 Rc8 25. Rc1 Rxc1
26. Qxc1 Bf8 27. Qc2 Qa8 28. Bc6 Qc8 29. Qa4 Bxc6 30. Nxc6 h6
31. g3 Nd5 32. Ncd4 Qb7 33. Qc2 Nf6 34. Ne5 Qe4 35. Qxe4 Nxe4
36. Kg2 Bd6 37. Nc4 Be7 38. Nc6 Bf8 39. f3 Nd6 40. Nxd6 Bxd6
41. e4 g5 42. e5 Bc7 43. f4 gxf4 44. gxf4 Kg7 45. Kf3 1/2-1/2

[Event "World Blitz Championship"]
[Site "Doha QAT"]
[Date "2016.12.30"]
[EventDate "2016.12.29"]
[Round "14.33"]
[Result "1-0"]
[White "Alan Pichot"]
[Black "Alireza Firouzja"]
[WhiteElo "2544"]
[BlackElo "2456"]
[PlyCount "79"]

1. e4 c5 2. Nf3 d6 3. d4 cxd4 4. Nxd4 Nf6 5. Nc3 a6 6. a4 g6
7. Be2 Bg7 8. O-O O-O 9. Be3 Nc6 10. Qd2 Ng4 11. Bxg4 Bxg4
12. Nd5 Rc8 13. Rac1 Bd7 14. b3 e6 15. Nxc6 Bxc6 16. Nb6 Rb8
17. f3 d5 18. exd5 exd5 19. Rfd1 Re8 20. Bd4 Bxd4+ 21. Qxd4
Re2 22. Re1 Qe7 23. Rxe2 Qxe2 24. h3 Re8 25. Kh2 Re5 26. Qf4
d4 27. Nc4 Rf5 28. Qxd4 Bxf3 29. Qd8+ Kg7 30. Qd4+ Kg8
31. Qd8+ Kg7 32. Qd4+ Rf6 33. Ne3 Bc6 34. Rf1 Qxe3 35. Qxe3
Rxf1 36. Qd4+ Kg8 37. Qd8+ Kg7 38. Qd4+ Kg8 39. Qd3 Kg7
40. Qd4+ 1-0

[Event "World Blitz Championship"]
[Site "Doha QAT"]
[Date "2016.12.30"]
[EventDate "2016.12.29"]
[Round "15.41"]
[Result "0-1"]
[White "Falko Bindrich"]
[Black "Alireza Firouzja"]
[WhiteElo "2590"]
[BlackElo "2456"]
[PlyCount "52"]

1. d4 Nf6 2. Nf3 g6 3. Bg5 Bg7 4. Nbd2 O-O 5. e4 d6 6. c3 c5
7. Bd3 cxd4 8. cxd4 Nc6 9. h3 h6 10. Be3 e5 11. O-O Nh5
12. Nb3 a5 13. a4 Nf4 14. Bb5 g5 15. dxe5 Nxe5 16. Nbd4 Qf6
17. Rc1 h5 18. Nxe5 dxe5 19. Nf5 Bxf5 20. exf5 Qxf5 21. Rc7
Rad8 22. Qb1 e4 23. Rxb7 Be5 24. Rd1 Nxh3+ 25. Kf1 Nxf2
26. Bxf2 Bg3 0-1

[Event "World Blitz Championship"]
[Site "Doha QAT"]
[Date "2016.12.30"]
[EventDate "2016.12.29"]
[Round "16.36"]
[Result "1-0"]
[White "Alireza Firouzja"]
[Black "Rinat Jumabayev"]
[WhiteElo "2456"]
[BlackElo "2611"]
[PlyCount "127"]

1. e4 e5 2. Nf3 Nc6 3. Bb5 a6 4. Ba4 Nf6 5. O-O Be7 6. Re1 b5
7. Bb3 d6 8. c3 O-O 9. h3 Nb8 10. d4 Nbd7 11. Nbd2 Bb7 12. Bc2
Re8 13. a4 Bf8 14. Bd3 c6 15. b4 g6 16. dxe5 dxe5 17. Nb3 Rb8
18. axb5 cxb5 19. Qe2 Rc8 20. Bd2 Nb6 21. Rac1 Nh5 22. Na5 Ba8
23. c4 bxc4 24. Nxc4 Nf4 25. Bxf4 exf4 26. Red1 Bxb4 27. Nfe5
a5 28. Qa2 Qf6 29. Ng4 Qe6 30. Qa1 Nxc4 31. Bxc4 Rxc4 32. Rxc4
Qxc4 33. Nf6+ Kf8 34. Nxh7+ Kg8 35. Nf6+ Kf8 36. Nxe8 Qxe4
37. Qh8+ Ke7 38. f3 Qe3+ 39. Kh2 Bxf3 40. Qf6+ Kf8 41. Nd6 Bd5
42. Qh8+ Ke7 43. Nc8+ Ke6 44. Qe8+ Kf6 45. Qh8+ Kg5 46. Rxd5+
f5 47. Qd8+ Kh5 48. Qh8+ Kg5 49. Qd8+ Kh5 50. Rd1 Qg3+ 51. Kh1
f3 52. Qh8+ Kg5 53. Qb2 Qc7 54. Qc1+ Qxc1 55. Rxc1 f2 56. g3
a4 57. Nb6 a3 58. Nd5 Bc5 59. Kg2 Bd4 60. Nb4 Kh6 61. Rc4 Be3
62. Nc2 a2 63. Ra4 Bc5 64. Rxa2 1-0

[Event "World Blitz Championship"]
[Site "Doha QAT"]
[Date "2016.12.30"]
[EventDate "2016.12.29"]
[Round "17.27"]
[Result "1-0"]
[White "Laurent Fressinet"]
[Black "Alireza Firouzja"]
[WhiteElo "2672"]
[BlackElo "2456"]
[PlyCount "93"]

1. Nf3 Nf6 2. g3 g6 3. b3 Bg7 4. Bb2 O-O 5. Bg2 d6 6. d4 c5
7. O-O cxd4 8. Nxd4 d5 9. c4 dxc4 10. bxc4 Qb6 11. Qb3 Nbd7
12. Nd2 Nc5 13. Qa3 Bd7 14. Rab1 Rac8 15. Ba1 Qc7 16. N2b3 b6
17. Nxc5 Qxc5 18. Qxa7 Qxc4 19. Rxb6 Rfd8 20. Qa6 Qxa6
21. Rxa6 Be8 22. a4 Nd5 23. Nb5 Bxb5 24. axb5 Nc7 25. Rb6 Rb8
26. Rxb8 Rxb8 27. Bxg7 Kxg7 28. Bc6 Rb6 29. Rb1 Kf6 30. e3 Ke6
31. Kg2 Kd6 32. Rd1+ Ke6 33. Rb1 Kd6 34. Kf3 Kc5 35. Rc1+ Kb4
36. Kg4 Nxb5 37. Bxb5 Kxb5 38. Rb1+ Kc6 39. Rxb6+ Kxb6 40. Kg5
Kc6 41. Kh6 Kd5 42. Kxh7 Ke4 43. Kg7 Kf3 44. Kxf7 g5 45. Kxe7
Kxf2 46. Kf6 g4 47. Kg5 1-0

[Event "World Blitz Championship"]
[Site "Doha QAT"]
[Date "2016.12.30"]
[EventDate "2016.12.29"]
[Round "18.36"]
[Result "1-0"]
[White "Alireza Firouzja"]
[Black "Viktor Antonovich Bologan"]
[WhiteElo "2456"]
[BlackElo "2640"]
[PlyCount "109"]

1. e4 g6 2. d4 Bg7 3. Nc3 c6 4. Nf3 d6 5. a4 Nf6 6. Be2 O-O
7. a5 Nbd7 8. O-O e5 9. Re1 Rb8 10. Bf1 Qc7 11. h3 Re8 12. Be3
exd4 13. Bxd4 b5 14. axb6 axb6 15. Qd2 b5 16. b4 Ne5 17. Nxe5
dxe5 18. Bc5 Rd8 19. Qe3 Nd7 20. Be7 Re8 21. Bg5 Nf8 22. Qg3
Ne6 23. Be3 Qe7 24. Reb1 Bd7 25. Ne2 f5 26. exf5 gxf5 27. f4
e4 28. Ra7 Ra8 29. Rxa8 Rxa8 30. Nd4 Qf6 31. Rd1 Ra3 32. Nxf5
Qxf5 33. Rxd7 h5 34. Qf2 Ra1 35. Rd6 Rb1 36. Rxc6 Rxb4 37. Qe1
Rb2 38. Qc1 Ra2 39. Qb1 Ra1 40. Qb3 Kf7 41. Rd6 Bf8 42. Rd5
Qf6 43. Re5 Bd6 44. Rxe4 Ra3 45. Qd5 Rxe3 46. Rxe3 Bc5 47. Qe4
Qd4 48. Qxd4 Bxd4 49. Kf2 Nxf4 50. Kf3 Bxe3 51. Kxe3 Nd5+
52. Kd4 Nf4 53. g3 Ne6+ 54. Ke5 b4 55. Bc4 1-0

[Event "World Blitz Championship"]
[Site "Doha QAT"]
[Date "2016.12.30"]
[EventDate "2016.12.29"]
[Round "19.30"]
[Result "1-0"]
[White "Li Chao"]
[Black "Alireza Firouzja"]
[WhiteElo "2720"]
[BlackElo "2456"]
[PlyCount "110"]

1. d4 Nf6 2. c4 g6 3. Nc3 Bg7 4. e4 d6 5. Nf3 O-O 6. Be2 e5
7. dxe5 dxe5 8. Qxd8 Rxd8 9. Bg5 Na6 10. Nxe5 Re8 11. O-O-O
Nxe4 12. Nxe4 Bxe5 13. Nf6+ Bxf6 14. Bxf6 Bf5 15. Bd3 Bxd3
16. Rxd3 Nc5 17. Rdd1 Ne4 18. Bd4 Rad8 19. Rhe1 a6 20. f3 Nd6
21. c5 Rxe1 22. Rxe1 Re8 23. Rd1 Nf5 24. Bf6 Ng7 25. g4 Ne6
26. b4 g5 27. Kc2 h6 28. Rd7 Kh7 29. Kb3 Kg6 30. Bc3 Rd8
31. Rxd8 Nxd8 32. Be5 Ne6 33. Ka4 f5 34. Ka5 h5 35. h3 hxg4
36. hxg4 f4 37. c6 bxc6 38. Kxa6 c5 39. bxc5 Nxc5+ 40. Kb5 Nd3
41. Bc3 Nc1 42. a4 Ne2 43. Be5 Ng1 44. a5 Nxf3 45. Bc3 Nh2
46. a6 f3 47. Bd4 Nxg4 48. a7 f2 49. Bxf2 Nxf2 50. a8=Q Ng4
51. Qe4+ Kh5 52. Qf3 Kh4 53. Kc5 Ne5 54. Qe4+ Ng4 55. Kd4 Kh5
1-0

[Event "World Blitz Championship"]
[Site "Doha QAT"]
[Date "2016.12.30"]
[EventDate "2016.12.29"]
[Round "20.31"]
[Result "1-0"]
[White "Alireza Firouzja"]
[Black "Rasmus Svane"]
[WhiteElo "2456"]
[BlackElo "2555"]
[PlyCount "137"]

1. d4 Nf6 2. c4 g6 3. Nc3 d5 4. Nf3 Bg7 5. Qb3 dxc4 6. Qxc4
O-O 7. e4 Be6 8. d5 Bc8 9. Be2 c6 10. O-O cxd5 11. exd5 e6
12. Rd1 exd5 13. Nxd5 Nxd5 14. Rxd5 Qb6 15. Qh4 Be6 16. Rd1
Bf5 17. Nd4 Bxd4 18. Rxd4 Nc6 19. Rd1 Rfe8 20. Bf1 Qb4
21. Qxb4 Nxb4 22. Bd2 Nc6 23. Bc3 Rad8 24. f3 Kf8 25. Kf2 Bc2
26. Rxd8 Rxd8 27. b4 Bd3 28. b5 Bxf1 29. bxc6 Ba6 30. c7 Rc8
31. Be5 Ke7 32. Rd1 f6 33. Rd8 b6 34. Bd6+ Ke6 35. Ke3 Bb7
36. Kd4 g5 37. a4 h5 38. Kc3 h4 39. Kb4 Ba6 40. Kc3 Bb7
41. Kd4 Ba6 42. g3 hxg3 43. hxg3 Bb7 44. Ke3 Ba6 45. f4 gxf4+
46. Kxf4 Bb7 47. Kg4 a6 48. Kf4 b5 49. axb5 axb5 50. Ke3 b4
51. Kd3 Ba6+ 52. Kc2 Kd5 53. Kb3 Kc6 54. Kxb4 f5 55. Kc3 Kb7
56. Kd4 Bb5 57. Ke3 Bc6 58. Kf4 Bb5 59. Kxf5 Bd3+ 60. Kf4 Bc2
61. g4 Bg6 62. Ke5 Bc2 63. g5 Bd3 64. Kf6 Bc4 65. g6 Bg8
66. g7 Bc4 67. Ke7 Bd5 68. Rxc8 Kxc8 69. Kf8 1-0

[Event "World Blitz Championship"]
[Site "Doha QAT"]
[Date "2016.12.30"]
[EventDate "2016.12.29"]
[Round "21.30"]
[Result "1/2-1/2"]
[White "Sergei Zhigalko"]
[Black "Alireza Firouzja"]
[WhiteElo "2671"]
[BlackElo "2456"]
[PlyCount "285"]

1. e4 e5 2. Nf3 Nc6 3. Bb5 a6 4. Ba4 Nf6 5. O-O Be7 6. Re1 b5
7. Bb3 d6 8. c3 O-O 9. h3 Bb7 10. d3 Re8 11. Nbd2 Bf8 12. Nf1
Nb8 13. Ng3 h6 14. Nh2 Nbd7 15. Qf3 Nc5 16. Ng4 Nxb3 17. Nxf6+
Qxf6 18. Qxf6 gxf6 19. axb3 Bc8 20. b4 Kh7 21. f4 Kg6 22. Rf1
Be7 23. Rf3 Rd8 24. Be3 d5 25. Bc5 Bxc5+ 26. bxc5 dxe4
27. dxe4 Rd2 28. b4 h5 29. fxe5 fxe5 30. Raf1 Be6 31. Nf5 Kh7
32. Ne7 Re8 33. Nd5 Kh6 34. Nxc7 Rg8 35. R1f2 Rd1+ 36. Kh2 Bc4
37. Nd5 Bxd5 38. exd5 Rxd5 39. Rxf7 Rd3 40. R7f3 Rgd8 41. Rf6+
Kg7 42. Rxa6 Rxc3 43. Rf5 e4 44. Re6 e3 45. Rxh5 Rd2 46. Rhe5
Re2 47. c6 Rcc2 48. Rg5+ Kf7 49. Re4 Rxc6 50. Rxb5 Rg6 51. Rg4
Rxg4 52. hxg4 Rb2 53. Kg3 Rf2 54. Re5 Rb2 55. Re4 e2 56. Kf2
Kf6 57. Ke1 Kg5 58. g3 Kf6 59. Rc4 Kg5 60. Rd4 Kf6 61. Kf2 Kg5
62. Re4 Kf6 63. b5 Rxb5 64. Kxe2 Kg5 65. Kf3 Rb3+ 66. Kg2 Rb1
67. Ra4 Rc1 68. Rb4 Rd1 69. Kf3 Rf1+ 70. Ke2 Rf8 71. Ke3 Ra8
72. Kf3 Ra3+ 73. Kg2 Ra1 74. Rf4 Rb1 75. Re4 Ra1 76. Kf3 Ra3+
77. Kf2 Ra2+ 78. Kf3 Ra3+ 79. Kg2 Ra1 80. Rf4 Rb1 81. Rc4 Ra1
82. Kf2 Ra2+ 83. Kf3 Ra3+ 84. Kg2 Ra1 85. Rf4 Rb1 86. Rc4 Ra1
87. Kf3 Ra3+ 88. Kf2 Ra2+ 89. Kf3 Ra3+ 90. Kg2 Ra1 91. Rc8
Kxg4 92. Rc4+ Kg5 93. Kh3 Rh1+ 94. Kg2 Ra1 95. Rc3 Ra5 96. Kf3
Rf5+ 97. Kg2 Ra5 98. Kh3 Re5 99. Rc8 Ra5 100. Rg8+ Kh6
101. Kh4 Ra1 102. Rb8 Ra6 103. g4 Kg6 104. Rh8 Rb6 105. Re8
Ra6 106. Rg8+ Kh7 107. Rf8 Kg6 108. Rf5 Rb6 109. Rf3 Ra6
110. Kg3 Kg5 111. Rf5+ Kg6 112. Kh4 Rb6 113. Rg5+ Kh6 114. Rg8
Kh7 115. Rc8 Kg6 116. Rc4 Ra6 117. Rb4 Rc6 118. Rb5 Ra6
119. Rc5 Rb6 120. Rc4 Ra6 121. Kg3 Kg5 122. Rc5+ Kg6 123. Kf4
Ra4+ 124. Kg3 Ra6 125. Kh4 Rb6 126. Rc4 Ra6 127. Kg3 Kg5
128. Rc5+ Kg6 129. Kf4 Ra4+ 130. Kf3 Rb4 131. Rd5 Ra4 132. Re5
Rb4 133. Rf5 Ra4 134. Rf4 Rxf4+ 135. Kxf4 Kf6 136. g5+ Kg6
137. Kg4 Kg7 138. Kf5 Kf7 139. g6+ Kg7 140. Kg5 Kg8 141. Kh6
Kh8 142. g7+ Kg8 143. Kg6 1/2-1/2

[Event "15th Khazar Cup"]
[Site "Rasht IRI"]
[Date "2017.01.22"]
[EventDate "2017.01.20"]
[Round "3.2"]
[Result "1/2-1/2"]
[White "Ferenc Berkes"]
[Black "Alireza Firouzja"]
[WhiteElo "2648"]
[BlackElo "2456"]
[PlyCount "35"]

1. d4 Nf6 2. c4 g6 3. Nc3 Bg7 4. e4 d6 5. Bd3 O-O 6. Nge2 Nc6
7. O-O e5 8. d5 Nd4 9. Nxd4 exd4 10. Ne2 Re8 11. f3 c5 12. Rb1
Nd7 13. f4 b5 14. b3 bxc4 15. bxc4 Nb6 16. Qc2 Qd7 17. Rb5 Qd8
18. Rb1 1/2-1/2

[Event "15th Khazar Cup"]
[Site "Rasht IRI"]
[Date "2017.01.23"]
[EventDate "2017.01.20"]
[Round "5.2"]
[Result "1-0"]
[White "Shahin Lorparizangeneh"]
[Black "Alireza Firouzja"]
[WhiteElo "2504"]
[BlackElo "2456"]
[PlyCount "77"]

1. e4 c5 2. Nf3 d6 3. Bb5+ Nd7 4. d4 Nf6 5. Nc3 cxd4 6. Qxd4
e5 7. Qd3 h6 8. Be3 a6 9. Bc4 Qc7 10. O-O Be7 11. a4 Nb6
12. Bb3 Be6 13. Bxb6 Qxb6 14. a5 Qc5 15. Na4 Qc7 16. Nb6 Rb8
17. Ra4 Nd7 18. Bxe6 fxe6 19. Rc4 Qd8 20. Qb3 Nxb6 21. axb6
Rc8 22. Rd1 Rxc4 23. Qxc4 O-O 24. Qxe6+ Kh7 25. Nxe5 Qxb6
26. Qg6+ Kg8 27. Qe6+ Kh7 28. Qg6+ Kg8 29. Ng4 Qxb2 30. e5
dxe5 31. Qe6+ Kh7 32. Qxe7 Qxc2 33. Rf1 Rf4 34. Nxe5 Qe4
35. Qd6 b5 36. g3 Rf5 37. Qg6+ Kg8 38. Ng4 Kf8 39. Rc1 1-0

[Event "15th Khazar Cup"]
[Site "Rasht IRI"]
[Date "2017.01.25"]
[EventDate "2017.01.20"]
[Round "7.7"]
[Result "1/2-1/2"]
[White "Oleg Korneev"]
[Black "Alireza Firouzja"]
[WhiteElo "2598"]
[BlackElo "2456"]
[PlyCount "77"]

1. d4 Nf6 2. Nf3 g6 3. Bf4 Bg7 4. e3 O-O 5. Be2 d6 6. h3 Nbd7
7. O-O b6 8. Bh2 Bb7 9. Nbd2 Re8 10. a4 a6 11. Nc4 Ne4
12. Nfd2 Nxd2 13. Nxd2 e5 14. c3 d5 15. Nf3 c5 16. Nxe5 Nxe5
17. Bxe5 Bxe5 18. dxe5 Rxe5 19. Bf3 Qc7 20. b4 a5 21. bxc5
bxc5 22. Qb3 Ba6 23. Rfb1 Bc4 24. Qb7 Qd8 25. Rb2 Kg7 26. Rd1
Ra6 27. Qb8 Qf6 28. Be2 Bxe2 29. Rxe2 Qd6 30. Qb5 Qc6 31. c4
dxc4 32. Qxc4 Re4 33. Qc3+ Qf6 34. Qxc5 Rxa4 35. Rd4 Rxd4
36. exd4 a4 37. d5 a3 38. Ra2 Qe5 39. Rxa3 1/2-1/2

[Event "15th Khazar Cup"]
[Site "Rasht IRI"]
[Date "2017.01.27"]
[EventDate "2017.01.20"]
[Round "9.1"]
[Result "1-0"]
[White "Gabriel Sargissian"]
[Black "Alireza Firouzja"]
[WhiteElo "2667"]
[BlackElo "2456"]
[PlyCount "115"]

1. d4 Nf6 2. Nf3 g6 3. c4 Bg7 4. g3 O-O 5. Bg2 d6 6. Nc3 Nbd7
7. O-O e5 8. h3 c6 9. e4 Qb6 10. Re1 exd4 11. Nxd4 Re8 12. Nc2
Qa5 13. Bd2 Qc7 14. b3 a6 15. a4 a5 16. Rb1 b6 17. Be3 Bb7
18. Qd2 Rad8 19. Kh2 Nc5 20. Bf4 Nfd7 21. Bg5 Rc8 22. Bh6 Bh8
23. Red1 Ne5 24. Ne1 Re6 25. Be3 Ned7 26. Nd3 Nxd3 27. Qxd3
Nc5 28. Qc2 Rce8 29. Bd4 Bxd4 30. Rxd4 Nd7 31. Rbd1 Nf6
32. R4d3 Qe7 33. Qd2 Nd7 34. Rxd6 Rxd6 35. Qxd6 Qxd6 36. Rxd6
Nc5 37. f4 Nxb3 38. e5 Nc5 39. Ne4 Nxe4 40. Bxe4 Rc8 41. g4
Kf8 42. Kg3 Ba6 43. Bxc6 Bxc4 44. f5 Rb8 45. Kf4 gxf5 46. gxf5
b5 47. Bxb5 Bxb5 48. axb5 Rxb5 49. f6 Ke8 50. Ra6 Rb1 51. Rxa5
h6 52. Ra8+ Kd7 53. Rf8 Rf1+ 54. Kg4 Rg1+ 55. Kh5 Ke6 56. Re8+
Kf5 57. Kxh6 Rg6+ 58. Kh7 1-0

[Event "Aeroflot Open"]
[Site "Moscow RUS"]
[Date "2017.02.21"]
[EventDate "2017.02.21"]
[Round "1.42"]
[Result "0-1"]
[White "Alireza Firouzja"]
[Black "Benjamin Bok"]
[WhiteElo "2465"]
[BlackElo "2596"]
[PlyCount "78"]

1. d4 Nf6 2. c4 e6 3. Nc3 Bb4 4. e3 O-O 5. Bd3 c5 6. Nf3 b6
7. O-O Bb7 8. Na4 cxd4 9. exd4 Re8 10. a3 Bf8 11. Bg5 h6
12. Bh4 d6 13. Nc3 Nbd7 14. Rc1 Rc8 15. Nd2 Qc7 16. b4 Qb8
17. Nb3 g6 18. f3 Bg7 19. Re1 Ba6 20. b5 Bb7 21. Na2 a5
22. Bf2 e5 23. c5 dxc5 24. dxc5 Nxc5 25. Nxc5 bxc5 26. Qa4 e4
27. Bxe4 Bxe4 28. fxe4 Ng4 29. Bg3 Be5 30. Bxe5 Qxe5 31. g3 c4
32. Qc2 Qd4+ 33. Kg2 Ne3+ 34. Rxe3 Qxe3 35. Nc3 Kf8 36. Qb2
Rcd8 37. Rc2 Rd3 38. b6 Qf3+ 39. Kg1 Red8 0-1